Science Quiz

Random Science or Math Quiz

The Unequal Equation Quiz II Stats

 Plays Quiz Updated Feb 10, 2018

Challenge
Share
Tweet
Embed
Score 0/15 Timer 02:00
1 Play Today
Question Answer Wrong Answers
6 ≠ 4 + 3
84%
1 + 5
0.7%
4 + 2
0.9%
3 + 3
1%
24 ≠ 5 * 7
83%
4 * 6
1.1%
12 * 2
0.9%
8 * 3
1.1%
10 ≠ 5 * 4
83%
7 + 3
0.9%
20/2
0.9%
10
1.3%
1 ≠ 1 * 0
80.2%
|-1|
4%
12/12
1.3%
5 - 4
1%
16 ≠ 44
77.5%
4 * 4
1.2%
4 + 4 + 4 + 4
1%
4! - 4 - 4
7%
100 ≠ 2 * 2 * 2 * 2 * 2 * 2 * 2
76.6%
25 + 25 + 25 + 25
0.9%
0.1 * 1000
3.4%
102
5.9%
0.001 ≠ 10 * 0.1
75.3%
1/1000
2.9%
1 * 0.001
3.2%
0.1 * 0.01
4.5%
7.7 ≠ 777 * 0.001
72.1%
1.1 * 7
4.3%
77/10
3.9%
0.1 * 77
5.5%
120 ≠ 6 * 6 * 2
71.4%
5!
7.4%
112 - 1
6.4%
12 * 10
1.4%
0 ≠ 52/0
70.9%
0 * 0
3.1%
51 * 0
1.5%
0/53
10.5%
-12 ≠ -6 * -2
68.8%
(-2)3 - 4
7.1%
0 - |12|
3.5%
22 + 22 + 22 - 24
6.6%
if x equals 4
2x + 4 ≠
x!
68%
3x
4%
x2 - x
9.2%
12
5.1%
if x is positive
x ≠
2x + 1
64.4%
1 * x
4%
sqrt(x2)
13%
2x/2
4.1%
0.25 ≠ 25 * 1.00
62.5%
2-2
20.4%
1/4
1.1%
0.5 * 0.5
2.8%
3.14 ≠ π
55.8%
3 + 0.14
2.3%
314/100
7.1%
6.28 * 0.5
21.9%

You're not logged in!

Compare scores with friends on all Sporcle quizzes.
OR
Log In

You Might Also Like...

Show Comments

Extras

Top Quizzes Today


Score Distribution

Your Account Isn't Verified!

In order to create a playlist on Sporcle, you need to verify the email address you used during registration. Go to your Sporcle Settings to finish the process.

Report this User

Report this user for behavior that violates our Community Guidelines.

Details: